Catálogo - Centro de Recursos para el Aprendizaje y la Investigación
Volver al Sitio - CRAI Biblioteca| 000 -CABECERA | |
|---|---|
| campo de control de longitud fija | 01818nam a2200265 4500 |
| 001 - NÚMERO DE CONTROL | |
| campo de control | 114290 |
| 003 - IDENTIFICADOR DEL NÚMERO DE CONTROL | |
| campo de control | DR-UNIBE |
| 005 - FECHA Y HORA DE LA ÚLTIMA TRANSACCIÓN | |
| campo de control | 20260109103139.0 |
| 008 - DATOS DE LONGITUD FIJA--INFORMACIÓN GENERAL | |
| campo de control de longitud fija | 260109b2024 sp ||||| |||| 00| 0 spa d |
| 020 ## - NÚMERO INTERNACIONAL ESTÁNDAR DEL LIBRO | |
| Número Internacional Estándar del Libro | 9788413443096 |
| 040 ## - FUENTE DE LA CATALOGACIÓN | |
| Centro catalogador/agencia de origen | BIBLIOTECA UNIBE |
| Centro/agencia transcriptor | BIBLIOTECA UNIBE |
| Normas de descripción | rda |
| 041 ## - CÓDIGO DE LENGUA | |
| Código de lengua del texto/banda sonora o título independiente | spa |
| Código de lengua original | eng |
| 082 ## - NÚMERO DE LA CLASIFICACIÓN DECIMAL DEWEY | |
| Número de clasificación | 658.38 G585t |
| 100 1# - ENTRADA PRINCIPAL--NOMBRE DE PERSONA | |
| Nombre de persona | Godin, Seth, |
| Fechas asociadas al nombre | 1960- |
| Término indicativo de función/relación | autor |
| 9 (RLIN) | 177495 |
| 245 10 - MENCIÓN DE TÍTULO | |
| Título | Si tu trabajo te tiene frito, ¡reinvéntalo! : |
| Resto del título | un manifiesto para que profesionales y empresarios recuperemos la ilusión por trabajar juntos / |
| Mención de responsabilidad, etc. | Seth Godin |
| 260 ## - PUBLICACIÓN, DISTRIBUCIÓN, ETC. | |
| Lugar de publicación, distribución, etc. | Barcelona : |
| Nombre del editor, distribuidor, etc. | Alienta Editorial, |
| Fecha de publicación, distribución, etc. | 2024 |
| 300 ## - DESCRIPCIÓN FÍSICA | |
| Extensión | 228 páginas : |
| Otras características físicas | gráficas |
| 504 ## - NOTA DE BIBLIOGRAFÍA, ETC. | |
| Nota de bibliografía, etc. | En la cubierta: "Un manifiesto para que profesionales y empresarios recuperemos la ilusión por trabajar juntos" |
| 520 #3 - SUMARIO, ETC. | |
| Sumario, etc. | Si vives en este mundo lo sabes de sobra: cada día más personas se hartan de su trabajo y deciden abandonarlo. La precariedad laboral y la inestabilidad económica son cada vez más evidentes, y los trabajadores que no dimiten de su puesto son despedidos por protestar.<br/>«Que os den», se oye a uno y otro lado.<br/>Pero esto no tiene por qué ser así: profesionales y empresarios estamos condenados a entendernos. De hecho, sólo hay una salida a la situación actual: trabajar juntos para convertir nuestras empresas en un lugar en el que todos nos sintamos cómodos, importantes y valorados.<br/>Este libro está pensado para que lo compartan jefes y compañeros de trabajo, para que se discuta y para que sea puesto en práctica.<br/>Porque no importa cuál sea tu papel: todos tenemos el poder de cambiar las cosas. |
| 650 ## - PUNTO DE ACCESO ADICIONAL DE MATERIA--TÉRMINO DE MATERIA | |
| Fuente del encabezamiento o término | lemb |
| Término de materia o nombre geográfico como elemento de entrada | Condiciones de trabajo |
| 9 (RLIN) | 201596 |
| 653 00 - TÉRMINO DE INDIZACIÓN--NO CONTROLADO | |
| Término no controlado | Trabajo -- Productividad |
| 653 00 - TÉRMINO DE INDIZACIÓN--NO CONTROLADO | |
| Término no controlado | Trabajo -- Rendimiento |
| 700 1# - PUNTO DE ACCESO ADICIONAL--NOMBRE DE PERSONA | |
| Nombre de persona | Maestro, María |
| Término indicativo de función/relación | traductor |
| 9 (RLIN) | 201594 |
| 942 ## - ELEMENTOS DE PUNTO DE ACCESO ADICIONAL (KOHA) | |
| Fuente del sistema de clasificación o colocación | Sistema de Clasificación Decimal Dewey |
| Tipo de ítem Koha | Libro (general) |
| Estado de retiro | Estado de pérdida | Fuente del sistema de clasificación o colocación | No para préstamo | Código de colección | Localización permanente | Ubicación en estantería | Fecha de adquisición | Total de préstamos | Signatura topográfica completa | Código de barras | Fecha visto por última vez | Número de copia | Precio válido a partir de | Tipo de ítem Koha |
|---|---|---|---|---|---|---|---|---|---|---|---|---|---|---|
| Disponible | Sistema de Clasificación Decimal Dewey | General | Biblioteca Central UNIBE | Área de exhibición | 23/03/2026 | 658.38 G585t | 260005 | 09/01/2026 | Ej. 1 | 09/01/2026 | Libro (general) |